[Event "Vlissingen HZ op 20th"]
[Site "Vlissingen"]
[Date "2016.08.09"]
[Round "5"]
[White "Goossens, Xavier"]
[Black "Lammens, Tim"]
[Result "0-1"]
[WhiteElo "2058"]
[BlackElo "2305"]
[PlyCount "74"]
[EventDate "2016.08.06"]
[EventType "swiss"]
[EventRounds "9"]
[EventCountry "NED"]
[SourceTitle "CBM 173 Extra"]
[Source "ChessBase"]
[SourceDate "2016.08.29"]
[SourceVersion "1"]
[SourceVersionDate "2016.08.29"]
[SourceQuality "1"]

1. e4 e5 2. Nf3 Nc6 3. Bb5 g6 4. d4 exd4 5. Bg5 Be7 6. Bxe7 Qxe7 7. 0-0 Nf6 8. Bxc6 dxc6 9. Qxd4 c5 10. Qe5 Be6 11. Nc3 c6 12. Rad1 0-0 13. Qd6 Rae8 14. h3 Kg7 15. Rfe1 Bc8 16. e5 Qxd6 17. Rxd6 Nd7 18. e6 Nf6 19. exf7 Rxe1+ 20. Nxe1 Kxf7 21. f3 g5 22. Rd2 c4 23. Ne4 Nxe4 24. fxe4 Re8 25. Nf3 h6 26. Rd6 Rxe4 27. Rxh6 Re2 28. Rh7+ Kf6 29. Rc7 Bf5 30. Rxb7 Rxc2 31. Nd4 Rc1+ 32. Kh2 Be4 33. Rxa7 Rb1 34. Ra3 Rxb2 35. Nf3 Bxf3 36. Rxf3+ Ke5 37. Kg3 Kd4 0-1

[Event "Vlissingen HZ op 19th"]
[Site "Vlissingen"]
[Date "2015.08.02"]
[Round "2"]
[White "Goossens, Xavier"]
[Black "Van Delft, Merijn"]
[Result "0-1"]
[WhiteElo "2094"]
[BlackElo "2410"]
[PlyCount "69"]
[EventDate "2015.08.01"]
[EventType "swiss"]
[EventRounds "9"]
[EventCountry "NED"]
[SourceTitle "CBM 167 Extra"]
[Source "ChessBase"]
[SourceDate "2015.09.14"]
[SourceVersion "1"]
[SourceVersionDate "2015.09.14"]
[SourceQuality "1"]

1. e4 c5 2. Be2 Nc6 3. Nf3 g6 4. d4 cxd4 5. Nxd4 Bg7 6. Be3 Nf6 7. Nc3 d6 8. Qd2 0-0 9. 0-0 Nxd4 10. Bxd4 Be6 11. a4 a6 12. a5 Rc8 13. f3 Qc7 14. Kh1 Nd7 15. Bxg7 Kxg7 16. Rfc1 Qc5 17. Nd5 Bxd5 18. exd5 Rc7 19. c4 Qf2 20. Rf1 Qa7 21. b4 Rb8 22. f4 b6 23. axb6 Qxb6 24. f5 Qxb4 25. Qd4+ Nf6 26. Rxa6 Qb2 27. Qxb2 Rxb2 28. Bd3 Ng4 29. fxg6 hxg6 30. Kg1 Rd2 31. Rc6 Ra7 32. Be4 f5 33. Bf3 Ne5 34. Rc8 Raa2 35. Rc1 0-1